000 00303nam a22001337a 4500
008 170810b xxu||||| |||| 00| 0 eng d
020 _a70389
041 _aeng
080 _a004
100 _a35
101 _aSHKI
245 _aBOOLEAN ALGEBRA WITH COMPUTER APPLICATIONS
_cWILLIAMS
942 _2udc
_cBK
999 _c23152
_d23152